Fashion A-Z - Statistics

General Stats
  • This quiz has been taken 257 times
  • The average score is 13 of 26
Answer Stats
# Hint Answer % Correct
C Created a huge fashion house, the 'little black dress ', parfume °5 and dressed Jackie Kennedy Coco Chanel C
96%
D This french designer/fashion house is known for his "New Look" silhouette and perfumes (modelled by Charlize Theron and Natalie Portman) Christian Dior D
89%
Y First Name of Saint Laurent Yves Y
87%
P One of the fashion capitals Paris P
86%
A Italian designer famous for his men's wear line and minimalistic style and as a fashion giant whose fashion house is based in Milan Giorgio Armani A
84%
N One of the fashion capitals New York City N
76%
V Italian fashion house founded in 1978 in Milan known for flashy prints, bright colours and a medusa in the logo Versace V
76%
H French luxury brand, specializing in leather & accesories. Famous for it's caveted Birkin bag Hermés H
75%
F Italian luxury fashion house founded in Rome (1925) specializing in eyewear, leather goods, timepieces, fur, fragrances, accessories and "Baguette" bags Fendi F
71%
M Famous designer and a child of a beatle Stella McCartney M
62%
L Head designer and creative director of Chanel Karl Lagerfeld L
51%
B Brazilian supermodel, DiCaprio's ex and one of the most earning models of all time Gisele Bündchen B
49%
K The creator of DKNY Donna Karan K
48%
T Cultural icon and the biggest name in modeling in the 60s Twiggy T
47%
O One of the most famous fragrances, launched by YSL in 1977 Opium O
43%
W British creator and developer of the provocative punk and new age fashions, known for working with Malcolm McLaren Vivienne Westwood W
40%
E Skilled technique of decorating a garment by hand using stitches in silk etc. (sometimes including beads,pearl etc) Embroidery E
38%
Z First name of Posen, the fashion designer for the celebs and a judge in "Project Runway" Zac Z
38%
I Japanese designer Miyaki's first name Issey I
35%
Q British designer who takes credit for the miniskirt and hotpants and created the "Chelsea-look" Mary Quant Q
25%
G He has his own label and was a head designer of the D^ fashion house (1997-2011) John Galliano G
22%
J American designer famous for feminine, whimsical, "over the top" designs and doing cartwheels on her runways Betsey Johnson J
15%
S Chinese-American fashion designer from Detroit who was awarded the Geoffrey Beener Lifetime achievement Award in 2009 Anna Sui S
6%
R French-italian Haute couture house founded in 1932 in Paris, they succesfully moved also to fragrances in the late 40s Nina Ricci R
6%
U French fashion house famous for quality watches and perfumes(advertised by Reese Witherspoon) Ungaro U
6%
X Australian milliner whose hat designs have won many prizes and awards Lisa Xu X
1%
No matching quizzes found
Score Distribution
Percent of People with Each Score
Percentile by Number Answered
Your Score History
You have not taken this quiz